[Event "Hlohovec op"]
[Site "Hlohovec"]
[Date "1998.??.??"]
[Round "9"]
[White "Malar, Pavol"]
[Black "Bisco, Igor"]
[Result "1-0"]
[WhiteElo "2075"]
[BlackElo "2120"]

1.e4 e5 2.Nf3 Nc6 3.Bb5 a6 4.Ba4 Nf6 5.O-O Be7 6.Re1 b5 7.Bb3 d6 8.c3 O-O
9.h3 Bb7 10.d4 Re8 11.Nbd2 Bf8 12.a4 h6 13.Bc2 exd4 14.cxd4 Nb4 15.Bb1 c5
16.d5 Nd7 17.g4 g6 18.Nf1 Bg7 19.Ng3 c4 20.axb5 axb5 21.Rxa8 Bxa8 22.Bd2 Nxd5
23.exd5 Bxd5 24.Ne4 Bxe4 25.Rxe4 Rxe4 26.Bxe4 Nc5 27.Bd5 Bxb2 28.Be3 Bg7
29.Bxc5  1-0

[Event "HUN-chT 9798"]
[Site "Hungary"]
[Date "1998.??.??"]
[Round "?"]
[White "Hazai, Laszlo"]
[Black "Lukacs, Peter"]
[Result "1/2-1/2"]
[WhiteElo "2455"]
[BlackElo "2470"]

1.e4 e5 2.Nf3 Nc6 3.Bb5 a6 4.Ba4 Nf6 5.O-O Be7 6.Re1 b5 7.Bb3 d6 8.c3 O-O
9.h3 Bb7 10.d4 Re8 11.Ng5 Rf8 12.Nf3 Re8 13.Nbd2 Bf8 14.a3 h6 15.Bc2 Nb8
16.b3 Nbd7 17.Bb2 g6 18.a4 c6  1/2-1/2

[Event "Pan American-chJ"]
[Site "Isla Margarita"]
[Date "1998.??.??"]
[Round "?"]
[White "Salazar, Juan Fernand"]
[Black "Belmonte, Diego Mariano"]
[Result "1-0"]
[WhiteElo "2090"]
[BlackElo "2200"]

1.e4 e5 2.Nf3 Nc6 3.Bb5 a6 4.Ba4 Nf6 5.O-O Be7 6.Re1 b5 7.Bb3 d6 8.c3 O-O
9.h3 Bb7 10.d4 Re8 11.Nbd2 Bf8 12.d5 Nb8 13.Nf1 Nbd7 14.Ng3 Nc5 15.Bc2 c6
16.dxc6 Bxc6 17.Bg5 h6 18.Bxf6 Qxf6 19.Nh2 Qg6 20.Nhf1 Ne6 21.Ne3 Nf4 22.Bb3 h5
23.Bd5 Bxd5 24.Nxd5 Rac8 25.Nxf4 exf4 26.Nxh5 Qg5 27.Qg4 Qxg4 28.hxg4 Rc4
29.Nxf4 Rcxe4 30.Nd3 R8e6 31.f3 Re2 32.Kf1 Rd2 33.Rad1 Rxe1+ 34.Kxe1 Rxg2
35.Rd2 Rg1+ 36.Kf2 Ra1 37.a3 a5 38.Ke2 Rh1 39.Nf2 Rb1 40.Nd1 b4 41.cxb4 axb4
42.axb4 Be7 43.Rd3 Kf8 44.b5 Ke8 45.Ra3 Bd8 46.b6 Bxb6 47.Kd2 Bd4 48.Ra2 Bxb2
49.Rxb2 Ra1 50.Rb7 g6 51.Ne3 Ra4 52.Kd3 Rf4 53.Ke2 Rd4 54.Nf1 Kf8 55.Ke3 Rd5
56.Nd2 f5 57.gxf5 Re5+ 58.Kf4 Rxf5+ 59.Kg4 d5 60.Nb3 Kg8 61.Nd4 Re5 62.Nc6 Re6
63.Ne7+ Kg7 64.Nxd5+ Kh6 65.Kf4 Ra6 66.Ne3 Ra4+ 67.Kg3 g5 68.Rb6+ Kh5 69.Ng4 Ra6
70.Nf6+  1-0

[Event "Klatovy op-B"]
[Site "Klatovy"]
[Date "1998.??.??"]
[Round "?"]
[White "Balcar, M."]
[Black "Hadac, Pavel"]
[Result "1-0"]
[WhiteElo "1770"]
[BlackElo "1805"]

1.e4 e5 2.Nf3 Nc6 3.Bb5 a6 4.Ba4 Nf6 5.O-O Be7 6.Re1 b5 7.Bb3 O-O 8.h3 Bb7
9.c3 d6 10.d4 exd4 11.cxd4 Na5 12.Bc2 Nc4 13.b3 Nb6 14.Nbd2 Nfd7 15.Nf1 c5
16.dxc5 dxc5 17.Bb2 Qc7 18.Rc1 Rad8 19.Qe2 Nf6 20.Ng3 Qf4 21.Be5 Qh6 22.Nf5 Qh5
23.Nxe7+ Kh8 24.Bc7 Rd7 25.Bxb6 Rxe7 26.e5 Nd7 27.Bc7 Rc8 28.Bd6 Re6 29.Be4 Bxe4
30.Qxe4 Rg6 31.Qb7 Rd8 32.Kh2 Qf5 33.Qe4 Qe6 34.Bxc5 Re8 35.Bd6 h6 36.Nd4 Nf6
37.Qxg6  1-0

[Event "EU-ch U18"]
[Site "Murek"]
[Date "1998.??.??"]
[Round "8"]
[White "Atakisi, Umut"]
[Black "Jenni, Florian"]
[Result "1-0"]
[WhiteElo "2225"]
[BlackElo "2430"]

1.e4 e5 2.Nf3 Nc6 3.Bb5 a6 4.Ba4 Nf6 5.O-O Be7 6.Re1 b5 7.Bb3 O-O 8.c3 d6
9.h3 Bb7 10.d4 Re8 11.Ng5 Rf8 12.Nf3 h6 13.Nbd2 Re8 14.a3 Bf8 15.Bc2 a5 16.d5 Nb8
17.a4 b4 18.c4 Nbd7 19.Nh2 g6 20.Ndf1 Kh7 21.Ng3 Bg7 22.Be3 Qe7 23.Nf3 c5
24.Bd3 Rh8 25.Nd2 Nb6 26.Qc2 Kg8 27.Re2 Nfd7 28.Rf1 h5 29.b3 Bh6 30.Bxh6 Rxh6
31.Ree1 Rh7 32.Nf3 Rf8 33.Nh2 Bc8 34.Re3 Qg5 35.Nf5 Qf6 36.Ng3 Kh8 37.Rf3 Qg7
38.Re1 Nf6 39.Qd2 h4 40.Ngf1 Nh5 41.Bc2 Nd7 42.Qg5 f6 43.Qc1 Rf7 44.Ne3 Nf4
45.Qb1 Qh6 46.Kh1 Nf8 47.Qd1 Kg8 48.Neg4 Qg5 49.Rfe3 f5 50.Nf3 Qh5 51.Ngxe5 dxe5
52.Nxe5 Qg5 53.Rg1 fxe4 54.Nxf7 Rxf7 55.Bxe4 Bf5 56.Bxf5 Qxf5 57.Qb1 Qg5
58.Qe4 Nh5 59.Rf3 Re7 60.Qg4 Qe5 61.Qxh4 Qe2 62.Qg4 Ng7 63.d6 Re6 64.Qg5 Rxd6
65.Qxc5 Rd8 66.Qxa5 Nfe6 67.Qa7  1-0

[Event "Plzen opJ"]
[Site "Plzen"]
[Date "1998.??.??"]
[Round "2"]
[White "Paramonov, Dimitriy"]
[Black "Posta, Petr"]
[Result "1-0"]
[WhiteElo "2200"]
[BlackElo "2065"]

1.e4 e5 2.Nf3 Nc6 3.Bb5 a6 4.Ba4 Nf6 5.O-O Be7 6.Re1 b5 7.Bb3 d6 8.c3 O-O
9.h3 Bb7 10.d4 Re8 11.Ng5 Rf8 12.Nf3 Re8 13.Nbd2 Bf8 14.Bc2 exd4 15.cxd4 h6
16.a4 Nb4 17.Bb1 c5 18.Ra3 Nd7 19.Nf1 Nc6 20.d5 Nce5 21.Nxe5 Nxe5 22.Rg3 Kh8
23.b3 bxa4 24.bxa4 g6 25.Ne3 Bg7 26.Bb2 Bc8 27.Qc2 Rb8 28.Bc3 Bf6 29.f4 Nd7
30.Nc4 Bxc3 31.Qxc3+ Nf6 32.Bd3 Kh7 33.Na5 Bd7 34.Nc6 Bxc6 35.dxc6 Rb4 36.c7 Qe7
37.Bxa6 Rxe4 38.Rd1 Rd4 39.Rxd4 cxd4 40.Qxd4 Qxc7 41.Qxf6 Qa7+ 42.Kh2 Re1
43.Rb3 Rc1 44.Kg3 Rc2 45.Bb7 Kg8 46.Bd5  1-0

[Event "BRA-ch"]
[Site "Rio de Janeiro"]
[Date "1998.??.??"]
[Round "5"]
[White "Van Riemsdijk, Herman C"]
[Black "Matsuura, Everaldo"]
[Result "1-0"]
[WhiteElo "2375"]
[BlackElo "2405"]

1.e4 e5 2.Nf3 Nc6 3.Bb5 a6 4.Ba4 Nf6 5.O-O Be7 6.Re1 b5 7.Bb3 d6 8.c3 O-O
9.h3 Bb7 10.d3 Na5 11.Bc2 c5 12.Nbd2 Re8 13.Nf1 h6 14.a3 Bf8 15.b4 Nc6 16.bxc5 dxc5
17.Ne3 Qd7 18.Nh2 b4 19.c4 Nd4 20.Ba4 Bc6 21.Bxc6 Qxc6 22.Bb2 bxa3 23.Rxa3 a5
24.Nhg4 Nxg4 25.Qxg4 a4 26.Rea1 Reb8 27.Bc3 Rb3 28.Qd1 Rxa3 29.Rxa3 Bd6 30.Nd5 Bf8
31.g3 Bd6 32.Kg2 Bf8 33.Bd2 f5 34.exf5 Nxf5 35.Qf3 Nd4 36.Qe4 Rb8 37.Be3 Qe8
38.Bxh6 Nc2 39.Rc3 Rb2 40.Qe2 a3 41.Rxa3 Nxa3 42.Qxb2  1-0

[Event "ECI opJ 25th"]
[Site "Sas Van Gent"]
[Date "1998.??.??"]
[Round "6"]
[White "Nurkiewicz, Maciej"]
[Black "Solleveld, Maarten"]
[Result "0-1"]
[WhiteElo "2285"]
[BlackElo "2295"]

1.e4 e5 2.Nf3 Nc6 3.Bb5 a6 4.Ba4 Nf6 5.O-O Be7 6.Re1 b5 7.Bb3 d6 8.c3 O-O
9.h3 Bb7 10.d4 Re8 11.a4 h6 12.Nbd2 Bf8 13.Qe2 exd4 14.cxd4 Nxe4 15.Nxe4 d5
16.Ne5 Nxd4 17.Qh5 Rxe5 18.Qxe5 Nxb3 19.Bxh6 Nxa1 20.Bg5 Qe8  0-1

[Event "Petrov mem"]
[Site "St Petersburg"]
[Date "1998.??.??"]
[Round "2"]
[White "Zagrebelny, Sergey"]
[Black "Glashev, Yusup"]
[Result "1-0"]
[WhiteElo "2485"]
[BlackElo "2260"]

1.e4 e5 2.Nf3 Nc6 3.Bb5 a6 4.Ba4 Nf6 5.O-O Be7 6.Re1 b5 7.Bb3 O-O 8.h3 d6
9.c3 Bb7 10.d4 exd4 11.cxd4 d5 12.e5 Ne4 13.Nbd2 Nb4 14.Nf1 c5 15.a3 Nc6
16.Ne3 c4 17.Bc2 f5 18.exf6 Nxf6 19.Ng5 Bc8 20.Nf5 Ra7 21.Ne6 Bxe6 22.Rxe6 Qd7
23.Qe2 Ne4 24.Qg4 Rxf5 25.Rxc6 Qxc6 26.Qxf5 Bf6 27.Be3 g6 28.Qg4 Qd7 29.Bxe4 dxe4
30.Qxe4 Qd6 31.Rd1 Re7 32.Qf3 Kg7 33.g4 h6 34.Rd2 a5 35.Bf4 Qd8 36.Qc6 g5
37.Bg3 Bxd4 38.Bd6 Re1+ 39.Kg2 Qf6 40.Qd7+ Kg6 41.Bg3 Bc5 42.Rd5 Be7 43.Qxb5 Qe6
44.Qxc4 Qb6 45.Qc2+ Kf7 46.Qh7+ Ke8 47.Qg8+ Bf8 48.Bd6  1-0

[Event "CZE-ch U16"]
[Site "Svetla nad Sazavou"]
[Date "1998.??.??"]
[Round "6"]
[White "Vaculik, Martin"]
[Black "Posta, Petr"]
[Result "1/2-1/2"]
[WhiteElo "2125"]
[BlackElo "2065"]

1.e4 e5 2.Nf3 Nc6 3.Bb5 a6 4.Ba4 Nf6 5.O-O Be7 6.Re1 b5 7.Bb3 d6 8.c3 O-O
9.h3 Bb7 10.d4 Re8 11.Nbd2 Bf8 12.d5 Nb8 13.Nf1 Nbd7 14.N3h2 Nc5 15.Bc2 c6
16.b4 Ncd7 17.dxc6 Bxc6 18.Bg5 Be7 19.Bxf6 Nxf6 20.Ng4 Nxg4 21.hxg4 Bg5 22.Bb3 Qc7
23.Qf3 Rac8 24.Rad1 Re7 25.Rd3 Rd7 26.Red1 Rcd8 27.Qf5 h6 28.Qf3 Qb7 29.Bd5 Bxd5
30.Rxd5 Qc6  1/2-1/2

[Event "SVK-chT 9899"]
[Site "SVK"]
[Date "1998.??.??"]
[Round "4"]
[White "Franzen, Jozef"]
[Black "Marek, Stanislav"]
[Result "1/2-1/2"]
[WhiteElo "2320"]
[BlackElo "2240"]

1.e4 e5 2.Nf3 Nc6 3.Bb5 a6 4.Ba4 Nf6 5.O-O Be7 6.Re1 b5 7.Bb3 d6 8.c3 O-O
9.h3 Bb7 10.d4 Re8 11.Nbd2 Bf8 12.d5 Nb8 13.Nf1 h6 14.Ng3 c6 15.dxc6 Bxc6
16.Nh2 Nbd7 17.Ng4 Nxg4 18.hxg4 Nc5 19.Bd5 Bxd5 20.Qxd5 Qh4 21.Qd1 g6 22.Qf3 Rad8
23.Rd1 Re6 24.Nf1 h5 25.gxh5 Qxe4 26.Qxe4 Nxe4 27.hxg6 fxg6 28.Ne3 Nf6 29.Nd5 Rc8
30.Be3 Nxd5 31.Rxd5 Rc4 32.a3 Re8 33.g3 Kf7 34.Kg2 Ke6 35.Rad1 Be7 36.R5d2 Rh8
37.Bb6 g5 38.Ba5 g4 39.Bb4 Rc6 40.Re2 Rcc8 41.a4 Rh7 42.axb5 axb5 43.Ree1 Rch8
44.Kf1 Rh2 45.Ba5 Ra8 46.Bb6 Ra2 47.Kg1 Rh8 48.Re2 Rb8 49.Be3 b4 50.c4 Rc8
51.Rc1 Bd8 52.Rd2 b3 53.Rcd1 Be7 54.Rc1 Ra4 55.Rd3 Rb4 56.Rcc3 Rcxc4 57.Rxc4 Rxc4
58.Rxb3 d5 59.Kf1 d4 60.Bd2 Rc2 61.Ke1 e4 62.Rb5 Bf6 63.Rb6+ Kf5 64.Rb5+ Kg6
65.Rb6 Kf7 66.Rb7+ Ke8 67.Rb6 Ke7 68.Rb7+ Kd6 69.Rb6+ Rc6 70.Rb8 d3 71.b4 Bc3
72.Rg8 Bxd2+ 73.Kxd2 Rc2+ 74.Ke1 Re2+ 75.Kf1 Rb2 76.Ke1 Rxb4 77.Rxg4 Rb1+
78.Kd2 Rb2+ 79.Kd1 Ke5 80.Rf4 Rb1+ 81.Kd2 Rb2+ 82.Kd1 Kd4 83.Rf8 Rb1+ 84.Kd2 Rb2+
85.Kd1 Rb5 86.Rd8+ Kc3 87.Rc8+ Kd4 88.Rd8+ Ke5 89.Rf8 Rb1+ 90.Kd2 Rb2+ 91.Kd1 Re2
92.g4 Ke6 93.g5 Ke7 94.Rf4 e3 95.Re4+ Kf7 96.fxe3 Kg6 97.Re5 Rg2 98.Rd5 Rxg5
99.Rxd3 Kf6 100.Ke2 Ke5 101.Ra3 Rg2+ 102.Kf3 Rb2 103.Ra5+ Ke6 104.Kf4 Rb4+
105.e4 Rb6 106.Rh5 Rb1 107.Rh6+ Ke7 108.Ra6 Rb5 109.Rc6 Ra5 110.Rb6 Rc5 111.Ke3 Rc3+
112.Kd4 Ra3 113.Kd5 Ra5+ 114.Kd4 Ra4+ 115.Ke3 Ra3+ 116.Kf4 Ra5  1/2-1/2

[Event "SVK-chT 9798"]
[Site "SVK"]
[Date "1998.??.??"]
[Round "11"]
[White "Hacik, Radomir"]
[Black "Marek, Stanislav"]
[Result "1-0"]
[WhiteElo "2210"]
[BlackElo "2170"]

1.e4 e5 2.Nf3 Nc6 3.Bb5 a6 4.Ba4 Nf6 5.O-O Be7 6.Re1 b5 7.Bb3 d6 8.c3 O-O
9.h3 Bb7 10.d4 Re8 11.Ng5 Rf8 12.Nf3 Re8 13.a4 h6 14.Na3 Bf8 15.d5 Nb8 16.Bd2 c6
17.c4 bxc4 18.Nxc4 cxd5 19.exd5 a5 20.Ne3 Nbd7 21.Rc1 Nc5 22.Bc4 Ba6 23.Bc3 Qd7
24.b3 Reb8 25.Bxa5 Bxc4 26.Rxc4 Nxb3 27.Bb4 Na5 28.Bxa5 Rxa5 29.Re2 Rba8
30.Ra2 Be7 31.Ne1 Bd8 32.Kh2 Bb6 33.N1c2 Bc5 34.Nb4 Rxa4 35.Rxa4 Qxa4 36.Qxa4 Rxa4
37.Nd3 Rxc4 38.Nxc4 Nxd5 39.Nxc5 dxc5 40.Nxe5 f6 41.Nc4 Kf7 42.Kg3 Ke6 43.Kf3 f5
44.h4 g6 45.g4 Nf6 46.gxf5+ Kxf5 47.Nd6+ Ke6 48.Nc4 Kd5 49.Ne3+ Kd4 50.Ke2 c4
51.Nc2+ Kc3 52.Ne3 Kb3 53.f4 c3 54.f5 gxf5 55.Nxf5 Nd5 56.Nd4+ Kb2 57.Kf3 Nc7
58.Kg4 Ne6 59.Nxe6 c2 60.Nf4 Kc3 61.Kf3 Kd2 62.Ne2 Kd3 63.h5 Kd2 64.Nd4 c1=N
65.Nf5 Nd3 66.Nxh6 Ne5+ 67.Ke4 Nd7 68.Ng4 Nf8 69.Kf5 Ke2 70.Nf6 Kf3 71.h6 Kg3
72.Nd7  1-0

[Event "JUG Cup"]
[Site "Ulcinj"]
[Date "1998.??.??"]
[Round "1"]
[White "Ivanovic, Bozidar"]
[Black "Gligoric, Svetozar"]
[Result "1/2-1/2"]
[WhiteElo "2515"]
[BlackElo "2480"]

1.e4 e5 2.Nf3 Nc6 3.Bb5 a6 4.Ba4 Nf6 5.O-O Be7 6.Re1 b5 7.Bb3 d6 8.c3 O-O
9.h3 Bb7 10.d3 Nb8 11.Nbd2 Nbd7 12.Nf1 Nc5 13.Bc2 Re8 14.Ng3 Bf8 15.b4 Ncd7
16.Bb2  1/2-1/2

[Event "Vienna op 13th"]
[Site "Vienna"]
[Date "1998.??.??"]
[Round "?"]
[White "Popovic, Petar"]
[Black "Zoebisch, Herbert"]
[Result "0-1"]
[WhiteElo "2525"]
[BlackElo "2260"]

1.e4 e5 2.Nf3 Nc6 3.Bb5 a6 4.Ba4 Nf6 5.O-O Be7 6.Re1 b5 7.Bb3 d6 8.c3 O-O
9.h3 Bb7 10.d4 Re8 11.Nbd2 Bf8 12.d5 Nb8 13.Nf1 Nbd7 14.Ng3 g6 15.Nh2 Bg7
16.Bg5 h6 17.Be3 h5 18.Bg5 Nf8 19.c4 N8h7 20.Bd2 c6 21.dxc6 Bxc6 22.cxb5 axb5
23.Rc1 Qd7 24.Nf3 Rac8 25.Qe2 Qb7 26.Qd3 Bf8 27.a3 Nd7 28.Ba2 Nc5 29.Qb1 Ne6
30.Rcd1 Nf6 31.h4 Ng4 32.Qd3 Nc5 33.Qe2 Ne6 34.Ng5 Nd4 35.Qd3 d5 36.Bc3 Bc5
37.exd5 Bxd5 38.Bxd5 Qxd5 39.N3e4 Ba7 40.Qg3 Ne2+ 41.Rxe2 Qxd1+ 42.Re1 Qb3
43.Kh1 f5 44.f3 Rxc3 45.bxc3 Bf2 46.Nxf2 f4 47.Qxf4 Nxf2+ 48.Kg1 exf4 49.Rxe8+ Kg7
50.Kxf2 Qxc3 51.Re7+ Kg8 52.Re8+ Kg7 53.Re7+ Kf8 54.Rf7+ Kg8 55.Rxf4 Qxa3
56.Ne4 b4 57.Rf6 Kg7 58.Rd6 Qa7+ 59.Ke2 b3 60.Rd2 Qa6+ 61.Ke3 Qb6+ 62.Kd3 b2
63.Nc3 b1=Q+ 64.Nxb1 Qxb1+ 65.Ke2 Qg1  0-1

[Event "RUS-Cup03 (Geller mem)"]
[Site "Moscow"]
[Date "1999.02.08"]
[Round "7"]
[White "Belov, Alexei"]
[Black "Virovlansky, Semen"]
[Result "0-1"]
[WhiteElo "2295"]
[BlackElo "2410"]

1.e4 e5 2.Nf3 Nc6 3.Bb5 a6 4.Ba4 Nf6 5.O-O Be7 6.Re1 b5 7.Bb3 d6 8.c3 O-O
9.h3 Bb7 10.d4 Re8 11.Nbd2 Bf8 12.a4 h6 13.d5 Ne7 14.Nf1 Ng6 15.Ng3 c6 16.Qd3 Nd7
17.Be3 Nc5 18.Bxc5 dxc5 19.c4 cxd5 20.exd5 Nf4 21.Qc2 bxc4 22.Bxc4 Qf6 23.Qe4 Kh8
24.Rad1 Rad8 25.Nf1 g6 26.N1h2 h5 27.Nxe5 Bd6 28.Nhf3 Re7 29.Re3 Rde8 30.Rde1 Bxe5
31.Nxe5 Rxe5 32.Qxe5 Rxe5 33.Rxe5 Kg7 34.b3 Qd6 35.R5e3 Bxd5 36.Rd1 Qc6 37.Bxd5 Nxd5
38.Rf3 Nc7 39.Rc1 Qd6 40.Rc4 Ne6 41.Re3 Nd4 42.Rc1 Qd5 43.Rb1 a5 44.Kh1 Qf5
45.Rb2 Qf6 46.Rd2 h4 47.Kg1 Qf5 48.Rdd3 Ne2+ 49.Kf1 Nf4  0-1

[Event "Goodricke 10th op"]
[Site "Calcutta"]
[Date "1999.02.13"]
[Round "8"]
[White "Konguveel, Ponnuswamy"]
[Black "Subbaraman, Vijayalakshmi"]
[Result "1-0"]
[WhiteElo "2435"]
[BlackElo "2325"]

1.e4 e5 2.Nf3 Nc6 3.Bb5 a6 4.Ba4 Nf6 5.O-O Be7 6.Re1 b5 7.Bb3 d6 8.c3 O-O
9.h3 Bb7 10.d4 Re8 11.Nbd2 Bf8 12.a4 Qd7 13.axb5 axb5 14.Rxa8 Bxa8 15.d5 Na5
16.Ba2 c6 17.b4 Nb7 18.c4 Nd8 19.Bb3 Qb7 20.Ba3 bxc4 21.dxc6 Qa7 22.Nxc4 Bxc6
23.b5 Bxb5 24.Bxd6 Bxc4 25.Bxc4 Nc6 26.Bxf8 Rxf8 27.Qd6 Rc8 28.Ng5 Ne8 29.Qd5 Nf6
30.Qxf7+ Qxf7 31.Bxf7+ Kf8 32.Rc1 Ne7 33.Rxc8+ Nxc8 34.Bb3 g6 35.f3 Ke7 36.Kf2 Nb6
37.Ke3 Nbd7 38.f4 exf4+ 39.Kxf4 Nc5 40.Bc2 Ne6+ 41.Nxe6 Kxe6 42.Bb3+ Ke7
43.g4 h6 44.Ba4 Nh7 45.Bb3 Kf6 46.e5+ Ke7 47.Bc2 Nf8 48.Ke3 Kd7 49.Be4 Ke7
50.h4 Kd7 51.h5 gxh5 52.Bf5+ Kc6 53.gxh5 Kd5 54.Kf4 Kc6 55.Ke4 Kc5 56.Bg6 Ne6
57.Kf5 Nc7 58.Bf7 Kd4 59.Ba2 Ne8 60.e6 Nd6+ 61.Kf6 Ne4+ 62.Kg6 Ke5 63.e7 Nd6
64.Bf7 Ne8 65.Bxe8 Ke6 66.Kxh6 Kxe7 67.Kg7  1-0

[Event "Belisce Metalis op 6th"]
[Site "Belisce"]
[Date "1999.02.24"]
[Round "1"]
[White "Delchev, Aleksander"]
[Black "Levar, Nenad"]
[Result "1-0"]
[WhiteElo "2548"]
[BlackElo "2120"]

1.e4 e5 2.Nf3 Nc6 3.Bb5 a6 4.Ba4 Nf6 5.O-O Be7 6.Re1 b5 7.Bb3 d6 8.c3 O-O
9.h3 Bb7 10.d4 Re8 11.Nbd2 Bf8 12.d5 Nb8 13.Nf1 Nbd7 14.N3h2 Nc5 15.Bc2 c6
16.b4 Ncd7 17.dxc6 Bxc6 18.Bg5 Qc7 19.Bxf6 Nxf6 20.Ng4 Nxg4 21.hxg4 Qb7 22.Qd3 Rac8
23.Bb3 Bd7 24.Ne3 Be6 25.Nd5 Rc6 26.a4 Rcc8 27.axb5 axb5 28.Ra5 Bd7 29.Rea1 Ra8
30.Nb6 Rxa5 31.bxa5 Bc6 32.Bd5 Bxd5 33.Nxd5 Rc8 34.a6 Qa7 35.Qxb5 Rb8 36.Qxb8  1-0

[Event "Novgorod op"]
[Site "Novgorod"]
[Date "1999.03.20"]
[Round "2"]
[White "Kalugin, Sergei"]
[Black "Lastin, Alexander"]
[Result "0-1"]
[WhiteElo "2355"]
[BlackElo "2558"]

1.e4 e5 2.Nf3 Nc6 3.Bb5 a6 4.Ba4 Nf6 5.O-O Be7 6.Re1 b5 7.Bb3 d6 8.c3 O-O
9.h3 Bb7 10.d3 Nd7 11.Nbd2 Na5 12.Bc2 c5 13.Nf1 Bf6 14.Ne3 g6 15.b4 Nc6 16.Nd5 Bg7
17.Bb3 Kh8 18.a4 Ne7 19.Ne3 h6 20.axb5 axb5 21.Bb2 f5 22.Bc2 Rc8 23.bxc5 Nxc5
24.Nf1 Ne6 25.d4 fxe4 26.Bxe4 d5 27.Bc2 e4 28.N3h2 Qc7 29.Rc1 Nf5 30.f3 Ng5
31.fxe4 dxe4 32.Qg4 Ne7 33.Nd2 Rf4 34.Qe2 Nf5 35.Qxb5 e3 36.Bxf5 Rxf5 37.Rxe3  0-1

[Event "BL2-N9899"]
[Site "Germany"]
[Date "1999.03.21"]
[Round "8.2"]
[White "Joachim, Sven"]
[Black "Thinius, Marco"]
[Result "1-0"]
[WhiteElo "2440"]
[BlackElo "2335"]

1.e4 e5 2.Nf3 Nc6 3.Bb5 a6 4.Ba4 Nf6 5.O-O Be7 6.Re1 b5 7.Bb3 d6 8.c3 O-O
9.h3 Bb7 10.d4 Nd7 11.Nbd2 Bf6 12.Nf1 Re8 13.N1h2 Na5 14.Bc2 exd4 15.cxd4 c5
16.Ng4 cxd4 17.Nxd4 Bxd4 18.Qxd4 Nc5 19.Bd2 Nc4 20.Bc3 Ne6 21.Qd3 h5 22.e5 Ng5
23.Nf6+ gxf6 24.exf6 Be4 25.Rxe4 Nxe4 26.Qf3 d5 27.Qxh5 Re6 28.Qg4+ Kf8 29.Qg7+ Ke8
30.Qg8+ Kd7 31.Qxf7+ Kd6 32.Bb4+ Ke5 33.f4+ Kf5 34.g4+ Kxf4 35.Qxe6 Ne3 36.Bxe4 dxe4
37.Qd6+  1-0

[Event "Novgorod op"]
[Site "Novgorod"]
[Date "1999.03.26"]
[Round "8"]
[White "Dolmatov, Sergey"]
[Black "Lastin, Alexander"]
[Result "1/2-1/2"]
[WhiteElo "2589"]
[BlackElo "2558"]

1.e4 e5 2.Nf3 Nc6 3.Bb5 a6 4.Ba4 Nf6 5.O-O Be7 6.Re1 b5 7.Bb3 d6 8.c3 O-O
9.h3 Bb7 10.d4 Re8 11.Nbd2 Bf8 12.d5 Nb8 13.Nf1 Nbd7 14.Ng3 Rc8 15.a4 Nc5
16.axb5 axb5 17.Ba2 Ra8 18.Bg5 h6 19.Bxf6 Qxf6 20.b4 Na4 21.Qd3 c6 22.dxc6 Bxc6
23.Nh2 Ra7 24.Ng4 Qg6 25.Bd5 Bd7 26.Ne3 Rc8 27.c4 bxc4 28.Nxc4 Rac7 29.Qb3 Bb5
30.Rxa4 Bxc4 31.Bxc4 Rxc4 32.b5 Rc3 33.Qb1 Rb8 34.Rd1 Rc5 35.b6 d5 36.b7 Rc7
37.Ra8 Rbxb7 38.Qa2 Qb6 39.Qxd5 Rc2 40.Rd2 Rxd2 41.Qxd2 Rb8 42.Rxb8 Qxb8
43.h4 Be7 44.Nf5 Bf6 45.Qe2 g6 46.Nxh6+ Kg7 47.Ng4 Bxh4 48.Qe3 Be7 49.g3 Qd6
50.Kg2 Bd8 51.Qc3 Bf6 52.Ne3 Kg8 53.Nd5 Bd8 54.Kf3 Kg7  1/2-1/2

[Event "IND-ch"]
[Site "Nagpur"]
[Date "1999.03.28"]
[Round "6"]
[White "Neelotpal, Das"]
[Black "Rathore, SK."]
[Result "1-0"]
[WhiteElo "2436"]
[BlackElo "2372"]

1.e4 e5 2.Nf3 Nc6 3.Bb5 a6 4.Ba4 Nf6 5.O-O Be7 6.Re1 b5 7.Bb3 d6 8.c3 O-O
9.h3 Bb7 10.d4 Re8 11.Ng5 Rf8 12.Nf3 Re8 13.Nbd2 Bf8 14.Bc2 g6 15.a4 exd4
16.cxd4 Nb4 17.Bb1 c5 18.d5 Nd7 19.Nf1 Bg7 20.Bg5 Qc7 21.Qc1 bxa4 22.Bd2 a5
23.Bc3 Ba6 24.Bxg7 Kxg7 25.Ne3 Nf6 26.Nf5+ Kh8 27.Qh6 Nh5 28.Nxd6 Rg8 29.e5 Nd3
30.Bxd3 Bxd3 31.g4 Rab8 32.Ng5 Rg7 33.gxh5 Qe7 34.Kh1 Rxb2 35.Rxa4 Qa7 36.Rf4 Qa8
37.Rxf7 Qxd5+ 38.Kg1  1-0

[Event "IND-ch"]
[Site "Nagpur"]
[Date "1999.03.30"]
[Round "8"]
[White "Kunte, Abhijit"]
[Black "Rathore, SK."]
[Result "1-0"]
[WhiteElo "2455"]
[BlackElo "2372"]

1.e4 e5 2.Nf3 Nc6 3.Bb5 a6 4.Ba4 Nf6 5.O-O Be7 6.Re1 b5 7.Bb3 d6 8.c3 O-O
9.h3 Bb7 10.d4 Re8 11.Nbd2 Bf8 12.a4 h6 13.d5 Nb8 14.c4 b4 15.a5 Nbd7 16.Ba4 Rc8
17.Nf1 c6 18.Bd2 Nc5 19.Bc2 b3 20.Bb1 Rb8 21.Re3 Bc8 22.Be1 Bd7 23.N3d2 cxd5
24.cxd5 Ba4 25.Rc3 Qxa5 26.f3 Qb5 27.Bf2 Qd7 28.Nc4 Rb4 29.Qd2 Qb7 30.Nfe3 g6
31.Rc1 Rb8 32.Be1 Qd7 33.Qxb4 Rxb4 34.Bxb4 Bb5 35.Bxc5 dxc5 36.Bd3 Qc7 37.Rc3 Nh5
38.Rxb3 Nf4 39.Bf1 Qd8 40.Kh2 Qg5 41.Nd2 c4 42.Bxc4 Bc5 43.g3 Nh5 44.Ndf1 Nxg3
45.Nxg3 Bxe3 46.Bxb5 Bf4 47.Rg1 axb5 48.d6 h5 49.d7 h4 50.Kh1 hxg3 51.Rc3 g2+
52.Rxg2 Qh4 53.Rc8+ Kg7 54.d8=Q Qxh3+ 55.Kg1 Be3+ 56.Kf1  1-0

[Event "IND-ch"]
[Site "Nagpur"]
[Date "1999.04.01"]
[Round "10"]
[White "Konguveel, Ponnuswamy"]
[Black "Rathore, SK."]
[Result "1-0"]
[WhiteElo "2436"]
[BlackElo "2372"]

1.e4 e5 2.Nf3 Nc6 3.Bb5 a6 4.Ba4 Nf6 5.O-O Be7 6.Re1 b5 7.Bb3 d6 8.c3 O-O
9.h3 Bb7 10.d4 Re8 11.Nbd2 Bf8 12.a4 h6 13.Bc2 exd4 14.cxd4 Nb4 15.Bb1 c5
16.d5 Nd7 17.Ra3 c4 18.axb5 axb5 19.Nd4 Qb6 20.Nf5 g6 21.Rg3 Kh7 22.Nf3 Nd3
23.Bxd3 cxd3 24.Qd2 Qd8 25.Nxh6 Qf6 26.Nxf7 Ra4 27.b3 Ra1 28.N7g5+ Kg8 29.Bb2 Rxe1+
30.Nxe1 Ne5 31.f4 Bg7 32.fxe5 dxe5 33.Nxd3 Qb6+ 34.Qf2 Qxf2+ 35.Kxf2 Rf8+
36.Rf3 Rc8 37.Bxe5 Rc2+ 38.Kg3 Bh6 39.Ne6  1-0

[Event "Dreifluesse op 7th"]
[Site "Passau"]
[Date "1999.04.04"]
[Round "6"]
[White "Borriss, Martin"]
[Black "Dunsbach, Ralf"]
[Result "1/2-1/2"]
[WhiteElo "2408"]
[BlackElo "2225"]

1.e4 e5 2.Nf3 Nc6 3.Bb5 a6 4.Ba4 Nf6 5.O-O Be7 6.Re1 b5 7.Bb3 d6 8.c3 O-O
9.h3 Bb7 10.d4 Re8 11.Nbd2 Bf8 12.a3 h6 13.Bc2 Nb8 14.b4 Nbd7 15.Bb2 c6 16.c4 exd4
17.Nxd4 Ne5 18.cxb5 axb5 19.Re3 g6 20.f4 Ned7 21.Qe2 Bg7 22.Rf1 Qb6 23.Kh2 Rab8
24.Bb3 Re7 25.Qd3 Rbe8 26.Rfe1 Nh5 27.g3 c5 28.Nxb5 Bxb2 29.Nxd6 Bd4 30.N2c4 Qc7
31.Nxe8 Rxe8 32.e5 Bxe3 33.Nd6 Nxf4 34.Qxe3 Qc6 35.Bxf7+ Kf8 36.Bd5 Qxd5
37.Qxf4+ Kg8 38.Nxb7 Nxe5 39.Nxc5 Nf3+ 40.Qxf3 Qxf3 41.Rxe8+ Kf7 42.Rb8  1/2-1/2

[Event "Golden Cleopatra op 3rd"]
[Site "Cairo"]
[Date "1999.04.19"]
[Round "9"]
[White "Berelovich, Aleksandar"]
[Black "El Taher, Fouad"]
[Result "1/2-1/2"]
[WhiteElo "2484"]
[BlackElo "2468"]

1.e4 e5 2.Nf3 Nc6 3.Bb5 a6 4.Ba4 Nf6 5.O-O Be7 6.Re1 b5 7.Bb3 d6 8.c3 O-O
9.h3 Bb7 10.d4 Re8 11.Nbd2 Bf8 12.Bc2 h6 13.a3 Nb8 14.a4 Nbd7 15.Bd3 c6 16.Qc2 Qe7
17.b3 d5 18.dxe5 Nxe5 19.Nxe5 dxe4 20.Nxe4 Qxe5 21.Bb2 Nxe4 22.Bxe4 Qc7 23.c4 bxa4
24.bxa4 c5 25.Bc3  1/2-1/2

[Event "POL-ch"]
[Site "Polanica Zdroj"]
[Date "1999.04.29"]
[Round "7"]
[White "Gdanski, Jacek"]
[Black "Ehrenfeucht, Wojciech"]
[Result "1-0"]
[WhiteElo "2530"]
[BlackElo "2337"]

1.e4 e5 2.Nf3 Nc6 3.Bb5 a6 4.Ba4 Nf6 5.O-O Be7 6.Re1 b5 7.Bb3 d6 8.c3 O-O
9.h3 Bb7 10.d4 Re8 11.Nbd2 Bf8 12.a3 h6 13.Bc2 Nb8 14.b3 Nbd7 15.Bb2 g6 16.a4 Bg7
17.Bd3 c6 18.Qc2 d5 19.Nxe5 Nxe5 20.dxe5 dxe4 21.Bxe4 Nxe4 22.Nxe4 Bxe5 23.c4 c5
24.Rad1 Bd4 25.Bxd4 cxd4 26.cxb5 axb5 27.axb5 Qb6 28.Qc5 Qe6 29.f3 Bxe4 30.Rxe4 Qxb3
31.Rdxd4 Reb8 32.Rb4 Qd1+ 33.Kh2 Rc8 34.Qd4 Qf1 35.Rb2 Ra1 36.b6 Qh1+ 37.Kg3 Qc1
38.b7 Rb8 39.Qe5 Kh7 40.Qxb8 Qxb2 41.Qc7  1-0

[Event "POL-ch"]
[Site "Polanica Zdroj"]
[Date "1999.05.03"]
[Round "10"]
[White "Staniszewski, Piotr"]
[Black "Pinski, Jan"]
[Result "1-0"]
[WhiteElo "2454"]
[BlackElo "2346"]

1.e4 e5 2.Nf3 Nc6 3.Bb5 a6 4.Ba4 Nf6 5.O-O Be7 6.Re1 b5 7.Bb3 d6 8.c3 O-O
9.h3 Bb7 10.d4 Qd7 11.Nbd2 Rad8 12.Nf1 exd4 13.cxd4 d5 14.e5 Ne4 15.Ng3 Na5
16.Bc2 c5 17.Nxe4 dxe4 18.Bxe4 Bxe4 19.Rxe4 Nc6 20.Qb3 cxd4 21.Bd2 Qd5 22.Qxd5 Rxd5
23.Rc1 Bc5 24.b4 Nxb4 25.Rxc5 Rxc5 26.Bxb4 Rc1+ 27.Kh2 Rd8 28.Be7 Rd5 29.Rxd4 Rxd4
30.Nxd4 Rc4 31.Nb3 Rc2 32.a3 Rxf2 33.Nc5 a5 34.Nb3 b4 35.Nxa5 bxa3 36.Bxa3 Re2
37.Nc6 h5 38.Bd6 Re3 39.Kg1 Re2 40.Nd4 Rd2 41.Nf3 Rd1+ 42.Kf2 f6 43.Kg3 Kf7
44.Kh4 g6 45.Bc5 fxe5 46.Nxe5+ Kf6 47.Nf3 Rc1 48.Bb6 Rc4+ 49.Kg3 Ra4 50.Bd8+ Ke6
51.Nh4 Kf7 52.Kf3 Kg7 53.Ke3 Kf7 54.Nf3 Ke6 55.Nd4+ Kf7 56.h4 Rc4 57.Ke4 Rc8
58.Bg5 Rc5 59.g3 Ra5 60.Nc6 Rf5 61.Ne5+ Kg7 62.Kd5 Rf1 63.Ke6 Rf2 64.Nd7 Re2+
65.Ne5 Rf2 66.Be3 Re2 67.Bd4 Re1 68.Kd5 Kh7 69.Nf3 Re2 70.Be5 Rf2 71.Ng5+ Kg8
72.Ke6 Rf1 73.Ne4 Kf8 74.Nf6 Rf2 75.Nd5 Kg8 76.Nf4 Kh7 77.Kf7 Rf1 78.Bf6 Rf3
79.Ne6 Kh6 80.Nf8 Rf1 81.Nxg6 Rf3 82.Ne7 Rxg3 83.Nf5+  1-0